[Event "Rehabilitatie Project 1"]
[Site "http://www.queenalice.com/game.php?id=722395"]
[Date "2010.1.29"]
[Round "-"]
[White "PurpleVibe"]
[Black "Masquerade"]
[Result "0-1"]
[WhiteElo "1160"]
[BlackElo "1440"]

1. e4 e5 2. Nf3 d6 3. d4 exd4 4. Nxd4 a6 5. Nc3 Nf6 6. Bg5 Be7 7. Qf3 h6 8. Bxf6
Bxf6 9. Bc4 Qd7 10. O-O-O Nc6 11. Nf5 Ne5 0-1

[Event "Failte"]
[Site "http://www.queenalice.com/game.php?id=724824"]
[Date "2010.2.2"]
[Round "-"]
[White "PurpleVibe"]
[Black "Masquerade"]
[Result "1-0"]
[WhiteElo "1147"]
[BlackElo "1453"]

1. e4 e5 2. Nf3 d6 3. d4 exd4 4. Nxd4 a6 5. Bc4 Qd7 6. O-O Nc6 7. Be3 Nxd4 8.
Qxd4 Nf6 9. Nc3 c6 10. Rfd1 c5 11. Qd3 h6 12. Nd5 Nxd5 13. Qxd5 f6 14. Rd2 Qe6
15. Rad1 Qxd5 16. Bxd5 Be7 17. c3 Kd7 18. b4 Kc7 19. bxc5 dxc5 20. Bf4+ Kb6 21.
Rb1+ Ka7 22. Rdb2 Rb8 23. Bxb8+ Kxb8 24. Bxb7 Bxb7 25. Rxb7+ Ka8 26. Rxe7 g5 27.
Rbb7 Rd8 28. Rbd7 Rf8 29. Rh7 1-0

[Event "Failte"]
[Site "http://www.queenalice.com/game.php?id=724861"]
[Date "2010.2.2"]
[Round "-"]
[White "Masquerade"]
[Black "PurpleVibe"]
[Result "1-0"]
[WhiteElo "1449"]
[BlackElo "1151"]

1. d4 d5 2. Nc3 Nc6 3. Nf3 Nf6 4. h3 Ne4 5. Nxe4 dxe4 6. Nd2 Bf5 7. a3 Nxd4 8.
e3 Ne6 9. Bc4 Qd7 10. Bxe6 Bxe6 11. f3 Bf5 12. fxe4 Bxe4 13. Nxe4 Qxd1+ 14. Kxd1
O-O-O+ 15. Bd2 e5 16. Rf1 Rd7 17. b4 Be7 18. c3 Rhd8 19. Rxf7 Bf6 20. Rxd7 Rxd7
21. Nxf6 gxf6 22. Kc2 h5 23. Rf1 Rg7 24. Rxf6 Rxg2 25. Rf5 1-0

[Event "Challenge"]
[Site "http://www.queenalice.com/game.php?id=728391"]
[Date "2010.2.8"]
[Round "-"]
[White "PurpleVibe"]
[Black "Masquerade"]
[Result "0-1"]
[WhiteElo "1175"]
[BlackElo "1425"]

1. e4 e5 2. Nf3 d6 3. d4 Bg4 4. Be2 Bxf3 5. gxf3 Nd7 6. Bg5 Ngf6 7. Bxf6 Qxf6 8.
c3 exd4 9. cxd4 c6 10. Nc3 a6 11. Qd3 Be7 12. Rb1 b5 13. b4 Nb6 14. d5 Rc8 0-1

[Event "Challenge"]
[Site "http://www.queenalice.com/game.php?id=728621"]
[Date "2010.2.9"]
[Round "-"]
[White "Masquerade"]
[Black "PurpleVibe"]
[Result "1/2-1/2"]
[WhiteElo "1431"]
[BlackElo "1169"]

1. d4 d5 2. Nc3 Qd6 3. Nf3 f6 4. h3 Bf5 5. a3 Be4 6. Nxe4 Qe6 7. Nc3 Nc6 8. e3
O-O-O 9. Bd3 Nh6 10. e4 f5 11. e5 Nxd4 12. Nxd4 Qxe5+ 13. Qe2 Qxd4 14. Bxf5+
Nxf5 15. Be3 Nxe3 16. Qxe3 Qxe3+ 17. fxe3 e5 18. O-O-O d4 19. exd4 exd4 20. Ne4
b6 21. Rhe1 Bc5 22. Nxc5 bxc5 1/2-1/2

[Event "Clare"]
[Site "http://www.queenalice.com/game.php?id=730868"]
[Date "2010.2.12"]
[Round "-"]
[White "PurpleVibe"]
[Black "Masquerade"]
[Result "1-0"]
[WhiteElo "1179"]
[BlackElo "1421"]

1. e4 e5 2. Nf3 d6 3. d4 Nf6 4. dxe5 Nxe4 5. Bg5 f6 6. exf6 Nxf6 7. Qd5 Be7 8.
Bxf6 Bxf6 9. Bc4 Rf8 10. O-O Nd7 11. Re1+ Ne5 12. Nxe5 Bxe5 13. f4 Qd7 14. fxe5
Qf5 15. Rf1 Qd7 16. Rxf8+ Kxf8 17. Qg8+ Ke7 18. e6 Qxe6 19. Bxe6 Bxe6 20. Qxa8
1-0

[Event "Cool"]
[Site "http://www.queenalice.com/game.php?id=734050"]
[Date "2010.2.18"]
[Round "-"]
[White "PurpleVibe"]
[Black "Masquerade"]
[Result "1/2-1/2"]
[WhiteElo "1213"]
[BlackElo "1387"]

1. e4 e5 2. Nf3 Nc6 3. Bb5 a6 4. Bxc6 bxc6 5. c4 f6 6. O-O d6 7. Re1 Bg4 8. Nc3
Nh6 9. h3 Bxf3 10. Qxf3 Nf7 11. b3 h6 12. Qh5 g6 13. Qxg6 Qe7 14. d3 O-O-O 15.
Be3 Qe6 16. d4 Be7 17. d5 1/2-1/2

[Event "Hot"]
[Site "http://www.queenalice.com/game.php?id=734051"]
[Date "2010.2.18"]
[Round "-"]
[White "Masquerade"]
[Black "PurpleVibe"]
[Result "1/2-1/2"]
[WhiteElo "1395"]
[BlackElo "1205"]

1. d4 d5 2. Nc3 Nf6 3. h3 Nc6 4. Nf3 e6 5. a3 a6 6. Bg5 Be7 7. Bxf6 Bxf6 8. e3
Qe7 9. Qd3 Bd7 10. e4 Bg5 11. Nxg5 Qxg5 12. exd5 exd5 13. Qe3+ Qxe3+ 14. fxe3
O-O-O 15. O-O-O Bf5 16. Re1 Rd7 1/2-1/2

[Event "Gráím thú "]
[Site "http://www.queenalice.com/game.php?id=744387"]
[Date "2010.3.11"]
[Round "-"]
[White "PurpleVibe"]
[Black "Masquerade"]
[Result "1-0"]
[WhiteElo "1220"]
[BlackElo "1380"]

1. e4 e5 2. Nf3 d6 3. d4 exd4 4. Nxd4 a6 5. Bd3 h6 6. O-O Nf6 7. Re1 Bg4 8. f3
Bd7 9. c4 Nc6 10. Nxc6 Bxc6 11. Qb3 Qd7 12. e5 dxe5 13. Rxe5+ Be7 14. Bf5 Qd4+
15. Qe3 Qxe3+ 16. Rxe3 O-O 17. Rxe7 Rad8 18. Bf4 Rd1+ 19. Kf2 Nh5 20. Bxc7 b5
21. cxb5 Bxb5 22. f4 g6 23. Bg4 Rd5 24. Nc3 Rd2+ 25. Ne2 Bxe2 26. Bxe2 Rxb2 27.
a4 Nf6 28. Be5 Nd5 29. Bxb2 Nxe7 30. Ba3 Nf5 31. Bxf8 1-0

[Event "New Challenge"]
[Site "http://www.queenalice.com/game.php?id=754158"]
[Date "2010.3.31"]
[Round "-"]
[White "PurpleVibe"]
[Black "Masquerade"]
[Result "1-0"]
[WhiteElo "1242"]
[BlackElo "1358"]

1. e4 e5 2. d4 f6 3. d5 d6 4. Nc3 a6 5. Bd3 h6 6. h3 Ne7 7. Nf3 c6 8. O-O Nd7 9.
Re1 Nc5 10. Be3 Nxd3 11. Qxd3 Ng6 12. dxc6 bxc6 13. Rad1 Be7 14. Na4 a5 15. Bb6
Ba6 16. Qb3 Qb8 17. c4 c5 18. Rd3 Nf4 19. Rc3 Bd8 20. g3 Nxh3+ 21. Kg2 Ng5 22.
Nxg5 fxg5 23. Ree3 O-O 24. Rf3 g4 25. Rxf8+ Kxf8 26. Qd1 h5 27. Rb3 Ke7 28. Bxc5
Qc7 29. Bb6 Qxc4 30. Bxd8+ Kxd8 31. Qxd6+ Kc8 32. Nb6+ Kb7 33. Nxc4+ Kc8 34.
Nb6+ Kb7 35. Nxa8+ Kxa8 36. Qb8# 1-0

[Event "Verjaardags partijtje"]
[Site "http://www.queenalice.com/game.php?id=757763"]
[Date "2010.4.7"]
[Round "-"]
[White "Masquerade"]
[Black "PurpleVibe"]
[Result "1/2-1/2"]
[WhiteElo "1337"]
[BlackElo "1263"]

1. d4 d5 2. Nc3 Nc6 3. Nf3 e6 4. Bg5 Nf6 5. Bxf6 gxf6 6. e3 Bb4 7. Qd2 Qe7 8. a3
Bxc3 9. Qxc3 Bd7 10. Bb5 Qd6 11. Bxc6 Bxc6 12. Qd3 a6 13. Nd2 Bb5 14. c4 Bxc4
15. Nxc4 dxc4 16. Qxc4 O-O-O 1/2-1/2

[Event "Sneakers"]
[Site "http://www.queenalice.com/game.php?id=758296"]
[Date "2010.4.9"]
[Round "-"]
[White "PurpleVibe"]
[Black "Masquerade"]
[Result "0-1"]
[WhiteElo "1266"]
[BlackElo "1334"]

1. e4 e5 2. Nf3 d6 3. d4 c6 4. d5 cxd5 5. exd5 Nf6 6. Nc3 a6 7. h3 Nbd7 8. Bg5
h6 9. Bxf6 Nxf6 10. a4 b6 11. b4 Bd7 12. b5 axb5 13. axb5 Rxa1 14. Qxa1 Be7 15.
Bd3 O-O 16. Ne4 Qa8 17. Kd2 Nxe4+ 18. Bxe4 Bxb5 19. Qd4 Qa5+ 20. Qc3 Qxc3+ 21.
Kxc3 f5 22. Bd3 Bxd3 23. cxd3 Bf6 24. Kd2 e4 25. dxe4 fxe4 26. Nh2 Bd4 27. Ng4
h5 0-1

[Event "Gráím thú"]
[Site "http://www.queenalice.com/game.php?id=765101"]
[Date "2010.4.23"]
[Round "-"]
[White "PurpleVibe"]
[Black "Masquerade"]
[Result "1/2-1/2"]
[WhiteElo "1257"]
[BlackElo "1343"]

1. e4 e5 2. Nf3 d6 3. d4 exd4 4. Nxd4 a6 5. Nf3 h6 6. e5 Nc6 7. Bf4 Bg4 8. exd6
Bxf3 9. Qxf3 Bxd6 10. Bxd6 Qxd6 11. Qd3 O-O-O 12. Nc3 Qe5+ 13. Qe4 Nf6 14. Qxe5
Nxe5 15. Be2 Nd5 16. O-O Nxc3 17. bxc3 Rd2 18. Bh5 Rxc2 19. Rfe1 Nd3 20. Red1 g6
21. Rxd3 gxh5 22. h3 Rd8 23. Rxd8+ Kxd8 24. Rd1+ Kc8 25. Rd7 1/2-1/2

[Event "Erotic Moves"]
[Site "http://www.queenalice.com/game.php?id=765537"]
[Date "2010.4.24"]
[Round "-"]
[White "PurpleVibe"]
[Black "Masquerade"]
[Result "1/2-1/2"]
[WhiteElo "1253"]
[BlackElo "1347"]

1. e4 e5 2. Nf3 Nc6 3. d4 exd4 4. Nxd4 Bc5 5. Nxc6 bxc6 6. Nc3 Bb4 7. Qg4 Bxc3+
8. bxc3 g6 9. Bc4 Qf6 10. Bg5 Qxc3+ 11. Bd2 1/2-1/2

[Event "Queens"]
[Site "http://www.queenalice.com/game.php?id=768884"]
[Date "2010.5.1"]
[Round "-"]
[White "PurpleVibe"]
[Black "Masquerade"]
[Result "1/2-1/2"]
[WhiteElo "1247"]
[BlackElo "1353"]

1. d4 d5 2. Nf3 f6 3. Nc3 c6 4. e4 Bg4 5. h3 Bxf3 6. Qxf3 h6 7. exd5 cxd5 8.
Nxd5 Nc6 9. Bb5 Qd7 10. Nxf6+ Nxf6 11. Bxc6 Qxc6 12. Qxc6+ bxc6 13. O-O g5 14.
g4 Bg7 15. Re1 Nd5 16. c3 Bf6 17. Re6 Rc8 18. b3 Nxc3 19. Ba3 Nd5 20. Rae1 Rh7
21. Kg2 1/2-1/2

[Event "Kings"]
[Site "http://www.queenalice.com/game.php?id=769519"]
[Date "2010.5.2"]
[Round "-"]
[White "PurpleVibe"]
[Black "Masquerade"]
[Result "0-1"]
[WhiteElo "1260"]
[BlackElo "1340"]

1. d4 d5 2. Nc3 Nf6 3. Bg5 e6 4. Nf3 h6 5. Bxf6 Qxf6 6. Qd3 Bb4 7. e3 Bd7 8. Ne5
Qf5 9. Qxf5 exf5 10. Bb5 Bxc3+ 11. bxc3 Bxb5 12. Rb1 a6 13. c4 Ba4 14. Rxb7 c6
15. Nxf7 O-O 16. Nd6 Bxc2 17. Kd2 Be4 0-1

[Event "Relax game"]
[Site "http://www.queenalice.com/game.php?id=775279"]
[Date "2010.5.14"]
[Round "-"]
[White "PurpleVibe"]
[Black "Masquerade"]
[Result "0-1"]
[WhiteElo "1251"]
[BlackElo "1349"]

1. e4 e5 2. Nf3 d6 3. d4 Bg4 4. dxe5 Bxf3 5. gxf3 h6 6. Be3 a6 7. Nc3 Ne7 8. Qd2
Qd7 9. b3 dxe5 10. Qxd7+ Nxd7 11. Nd5 Nxd5 12. exd5 Bb4+ 13. Ke2 O-O 14. Bh3 Nf6
15. Rhg1 g5 16. Bg4 Nxd5 17. Bd2 Bxd2 18. Kxd2 f5 19. Bh3 Rad8 20. Rad1 Nf4+ 21.
Kc1 Nxh3 0-1

[Event "IWJN "]
[Site "http://www.queenalice.com/game.php?id=776693"]
[Date "2010.5.16"]
[Round "-"]
[White "PurpleVibe"]
[Black "Masquerade"]
[Result "0-1"]
[WhiteElo "1274"]
[BlackElo "1361"]

1. e4 e5 2. Nf3 d6 3. d4 Bg4 4. h3 Bxf3 5. Qxf3 Nf6 6. dxe5 dxe5 7. Bd3 Nc6 8.
O-O Nd4 9. Qd1 h6 10. Be3 Bc5 11. Bxd4 Bxd4 12. Re1 Bxb2 0-1

[Event "Good Vibrations"]
[Site "http://www.queenalice.com/game.php?id=780871"]
[Date "2010.5.26"]
[Round "-"]
[White "Masquerade"]
[Black "PurpleVibe"]
[Result "1/2-1/2"]
[WhiteElo "1374"]
[BlackElo "1275"]

1. d4 d5 2. Nc3 Nc6 3. Nf3 h6 4. e3 Bg4 5. h3 Bxf3 6. gxf3 Qd7 7. Qd3 e5 8. dxe5
Bb4 9. Bd2 Bxc3 10. Bxc3 Nge7 11. e6 Qxe6 12. Bxg7 Qg4 13. Qd4 Qxd4 14. exd4 Kd7
15. Bb5 Rhg8 16. Bxc6+ Nxc6 17. Be5 Nxe5 18. dxe5 Rae8 19. f4 Kc8 20. O-O-O c6
21. Rhe1 Rg2 22. Re2 f6 23. Rde1 f5 24. Kd2 Rh2 25. e6 Rxh3 26. Re5 Rxe6 27.
Rxf5 Rxe1 28. Kxe1 Rf3 1/2-1/2

[Event "Submissive"]
[Site "http://www.queenalice.com/game.php?id=782801"]
[Date "2010.5.29"]
[Round "-"]
[White "Masquerade"]
[Black "PurpleVibe"]
[Result "1/2-1/2"]
[WhiteElo "1370"]
[BlackElo "1279"]

1. d4 d5 2. Nc3 Nc6 3. Nf3 Bg4 4. e3 Bxf3 5. Qxf3 e6 6. Bb5 Qd7 7. e4 Bb4 8. Bd2
Bxc3 9. Qxc3 Nge7 10. Bg5 f6 11. Bxc6 Nxc6 12. Bf4 dxe4 13. O-O-O Qxd4 14. Qxd4
Nxd4 15. Bxc7 Nxc2 1/2-1/2

[Event "Travellers Wedding"]
[Site "http://www.queenalice.com/game.php?id=788774"]
[Date "2010.6.12"]
[Round "-"]
[White "PurpleVibe"]
[Black "Masquerade"]
[Result "0-1"]
[WhiteElo "1283"]
[BlackElo "1366"]

1. e4 e5 2. Bd3 Nf6 3. Nc3 a6 4. Nd5 c6 5. Nxf6+ gxf6 6. h3 Bd6 7. Ne2 Bc5 8. c4
d6 9. a3 d5 10. exd5 cxd5 11. b3 dxc4 12. bxc4 Qxd3 13. Qa4+ Bd7 14. Qxd7+ Nxd7
15. Nf4 O-O-O 0-1

[Event "candle-light"]
[Site "http://www.queenalice.com/game.php?id=793014"]
[Date "2010.6.21"]
[Round "-"]
[White "Masquerade"]
[Black "PurpleVibe"]
[Result "1/2-1/2"]
[WhiteElo "1379"]
[BlackElo "1270"]

1. d4 d5 2. Nc3 Nc6 3. Nf3 e6 4. e3 Bb4 5. Bd2 a6 6. a3 Bxc3 7. bxc3 Nf6 8. c4
Ne4 9. cxd5 Qxd5 10. Bd3 Nxd2 11. Qxd2 e5 12. dxe5 Nxe5 13. Nxe5 Qxe5 14. c3 Be6
15. h3 O-O-O 16. O-O Rd6 17. Rab1 Rhd8 18. Qb2 Rb6 19. Qc2 Bb3 20. Rxb3 Rxb3 21.
a4 Rxc3 22. f4 Rdxd3 1/2-1/2

[Event "Gráím thú "]
[Site "http://www.queenalice.com/game.php?id=797284"]
[Date "2010.7.1"]
[Round "-"]
[White "PurpleVibe"]
[Black "Masquerade"]
[Result "1/2-1/2"]
[WhiteElo "1262"]
[BlackElo "1387"]

1. e4 e5 2. Nf3 Nc6 3. d4 exd4 4. Nxd4 Nxd4 5. Qxd4 d6 6. Bb5+ Bd7 7. Bxd7+ Qxd7
8. O-O Nf6 9. Nc3 a6 10. Re1 Be7 11. Bg5 h6 12. Bxf6 Bxf6 13. e5 Bxe5 14. Qe4
O-O-O 15. Rad1 Bxc3 16. bxc3 Rhe8 17. Qf3 Rxe1+ 18. Rxe1 Re8 19. Rxe8+ Qxe8 20.
Qe3 1/2-1/2